00993nas a2200241Ia 4500001001100000003000900011008004100020040001300061040001300074041001200087100004600099210001700145222001700162242009800179245012000277250001100397260004600408501008600454300001700540362004000557500011800597650003600715R020/B1048IT-RoPAU151124c99999999xx |||||||||||| ||und|| aIT-RoPAU cIT-RoPAU aINGLESE aMeyer Mark-PaulgCodice Aut. SPICS: 36289 aGRIFFITHIANA aGriffithiana aRESTAURI IN CORSO: L'ATTIVITA' DEL NETHERLANDS FILMMUSEUMnCod. Traduzione Titolo: B1055yITA aGRIFFITHIANA, ANNO 14-N.40/41/42 (OTTOBRE 1991)bRestorations In Progress: A Report From The Netherlands Filmmuseum a1a ed. aGEMONA (UDINE)bCINETECA DEL FRIULIc1991 bPaulus - SPICS - Società San Paolo EM (non-commercial uses only)cCopyright2015 a4 p. [87-90] aANNO 014, N.40/41/42 (OTTOBRE 1991) aRapporto Sul Lavoro del Museo Cinematografico Olandese a Proposito del Restauro Delle Pellicole Cinematografiche. aCINEMAvPUBBLICAZIONE PERIODICA